000 00456nam a22001577a 4500
005 20240712054357.0
008 240712b |||||||| |||| 00| 0 eng d
041 _aEnglish
082 _a349 PRE
100 _lEnglish
245 _aPrentice Hall Weekly Legal Service
260 _aDurban:
_bPrentice Hall Services (Pty) Ltd,
_c1966
300 _b144 pages;
_c26 cm.
650 _aLegal practice
_bLaw
942 _cBK
_6ALISON_BN_VRIES
999 _c2147
_d2147